BIATEC odborný bankový časopis

Na minha lista:
Detalhes bibliográficos
Formato: Periódico
Publicado em: Bratislava Národná banka Slovenska 1997
Tags: Adicionar Tag
Sem tags, seja o primeiro a adicionar uma tag!

MARC

LEADER 00000nas2a2200000 4500
001 sg001731_1997_097_009
005 20181011112450.8
022 |a 1335-0900 
245 1 0 |a BIATEC  |b odborný bankový časopis 
264 1 |a Bratislava  |b Národná banka Slovenska  |c 1997 
773 0 |w eu_un_cat*s120554 
774 0 |w eu_un_cat*s121218